|
|
|
|
| LEADER |
00000nam a2200000 a 4500 |
| 001 |
UCW6229 |
| 003 |
CL-VaPUC |
| 008 |
911111e19870000CL |||||||||||||||||spa|d |
| 082 |
0 |
4 |
|a 241.6
|b CON
|2 21
|
| 110 |
2 |
|
|a Congregación para la Doctrina de la Fe
|e author
|9 311255
|
| 245 |
1 |
3 |
|a La atención pastoral a las personas homosexuales
|
| 300 |
|
|
|a 23 p
|
| 942 |
|
|
|c BK
|
| 945 |
|
|
|d 19911111 00:00:00
|
| 260 |
|
|
|a Santiago
|b Paulinas
|c 1987
|
| 600 |
|
0 |
|a Iglesia católica
|9 255129
|
| 650 |
|
0 |
|a Homosexualidad
|x Aspectos religiosos
|9 311256
|
| 583 |
|
|
|a last modification
|c 20120531 11:17:13
|k Rodrigo Vera
|
| 999 |
|
|
|c 219372
|d 219370
|
| 952 |
|
|
|0 0
|1 0
|4 0
|6 241_600000000000000_CON_1987
|7 0
|8 A
|9 210235
|a BIBTEO
|b BIBTEO
|d 2019-11-15
|i 2783037
|o 241.6 CON 1987
|p 2783037
|r 2025-01-17
|w 2019-11-15
|y BK
|k ICR
|
| 952 |
|
|
|0 0
|1 0
|4 0
|6 241_600000000000000_CON_1987
|7 0
|8 A
|9 210236
|a BIBEDU
|b BIBEDU
|d 2019-11-15
|i 2783045
|o 241.6 CON 1987
|p 2783045
|r 2019-11-15
|w 2019-11-15
|y BK
|k EDU
|
| 952 |
|
|
|0 0
|1 0
|4 0
|6 241_600000000000000_CON_1987
|7 0
|8 A
|9 210237
|a BIBEDU
|b BIBEDU
|d 2019-11-15
|i 2783053
|o 241.6 CON 1987
|p 2783053
|r 2019-11-15
|w 2019-11-15
|y BK
|k EDU
|
| 952 |
|
|
|0 0
|1 0
|4 0
|6 241_600000000000000_CON_1987
|7 0
|8 A
|9 210238
|a BIBTEO
|b BIBTEO
|d 2019-11-15
|i 2783061
|o 241.6 CON 1987
|p 2783061
|r 2025-01-17
|w 2019-11-15
|y BK
|k ICR
|
| 952 |
|
|
|0 0
|1 0
|2 ddc
|4 0
|6 241_600000000000000_CON_1987
|7 0
|8 A
|9 210239
|a BIBDER
|b BIBDER
|d 2019-11-15
|i 3331652
|o 241.6 CON 1987
|p 3331652
|r 2023-01-25
|w 2019-11-15
|y MX
|k DER
|
| 952 |
|
|
|0 0
|1 0
|4 0
|6 241_600000000000000_CON_1987
|7 0
|8 A
|9 210240
|a BIBTEO
|b BIBTEO
|d 2019-11-15
|i 2098113
|o 241.6 CON 1987
|p 2098113
|r 2025-01-17
|w 2019-11-15
|y BK
|k ICR
|
| 952 |
|
|
|0 0
|1 0
|4 0
|6 241_600000000000000_CON_1987
|7 0
|8 A
|9 210241
|a BIBTEO
|b BIBTEO
|d 2019-11-15
|i 2098121
|o 241.6 CON 1987
|p 2098121
|r 2025-01-17
|w 2019-11-15
|y BK
|k ICR
|
| 952 |
|
|
|0 0
|1 0
|4 0
|6 241_600000000000000_CON_1987
|7 0
|8 A
|9 210242
|a BIBTEO
|b BIBTEO
|d 2019-11-15
|i 2098202
|o 241.6 CON 1987
|p 2098202
|r 2025-01-17
|w 2019-11-15
|y BK
|k ICR
|
| 952 |
|
|
|0 0
|1 0
|4 0
|6 241_600000000000000_CON_1987
|7 0
|8 A
|9 210243
|a BIBTEO
|b BIBTEO
|d 2019-11-15
|i 2098210
|o 241.6 CON 1987
|p 2098210
|r 2025-01-17
|w 2019-11-15
|y BK
|k ICR
|
| 952 |
|
|
|0 0
|1 0
|4 0
|6 241_600000000000000_CON_1987
|7 0
|8 A
|9 210244
|a BIBTEO
|b BIBTEO
|d 2019-11-15
|i 2098229
|o 241.6 CON 1987
|p 2098229
|r 2025-01-17
|w 2019-11-15
|y BK
|k ICR
|